000 00603nam a2200181Ia 4500
008 090124s9999 xx 000 0 und d
082 _b100641
100 _aकोल्हटकर श्रीपद कृष्ण
245 _a शिवपावित्र्य
250 _a1
260 _c1924
300 _a152
600 _aकोल्हटकर श्रीपद कृष्ण
630 _a शिवपावित्र्य
700 _aकोल्हटकर श्रीपद कृष्ण
730 _a शिवपावित्र्य
942 _cBOOK
999 _c146733
_d146733